000 00370nam a2200145Ia 4500
008 210423s2000 xx 000 0 und d
041 _aeng
082 _a658.406 DRUP
100 _aDRUCKER (Peter F).
245 _aFrontiers of management.
260 _aOxford
_bButterworth Heinemann
_c2000
300 _axi,368
365 _cINR
906 _aFrontiers ; management.
999 _c155155
_d155155